[Event "IECC KO-4038"]
[Site "IECC email"]
[Date "2015.08.10"]
[Round "?"]
[White "Cuaycong, Virgilio"]
[Black "Boyce, Harry"]
[Result "0-1"]
[WhiteElo "1689"]
[BlackElo "1960"]
[PlyCount "78"]
[EventDate "2015.??.??"]
[EventType "match (corr)"]
[EventRounds "2"]
[SourceTitle "Corr 2020"]
[Source "ChessBase"]
[SourceDate "2019.09.30"]
[SourceVersion "1"]
[SourceVersionDate "2019.09.30"]
[SourceQuality "1"]
[WhiteTeam "Philippines"]
[BlackTeam "Australia"]
[WhiteTeamCountry "PHI"]
[BlackTeamCountry "AUS"]

1. e4 c5 2. c3 d5 3. exd5 Qxd5 4. d4 Nf6 5. Nf3 Bg4 6. Be2 e6 7. 0-0 Nc6 8. h3 Bh5 9. Be3 Be7 10. dxc5 Qxd1 11. Rxd1 Nd5 12. b4 Bf6 13. a3 Bxc3 14. Ra2 Bf6 15. Rad2 0-0-0 16. g3 h6 17. Kg2 Bg6 18. g4 Be4 19. Kg3 Ne5 20. Bd4 Bxf3 21. Bxe5 Bxg4 22. hxg4 Bxe5+ 23. Kg2 Nf4+ 24. Kf1 Rxd2 25. Nxd2 Nxe2 26. Kxe2 Rd8 27. Nc4 Rxd1 28. Kxd1 Bc7 29. Ke2 Kd7 30. Kd3 f5 31. f3 g6 32. Ke3 Kc6 33. gxf5 exf5 34. Nd2 h5 35. Kf2 Kd5 36. Nb3 g5 37. Nd2 Bf4 38. Nf1 h4 39. Kg2 a5 0-1

[Event "IECC CL3-2015.01 email"]
[Site "IECC email"]
[Date "2015.03.22"]
[Round "?"]
[White "Boyce, Harry"]
[Black "Blackman, Leon"]
[Result "1/2-1/2"]
[WhiteElo "1937"]
[BlackElo "1806"]
[PlyCount "70"]
[EventDate "2015.??.??"]
[EventType "tourn (corr)"]
[EventRounds "4"]
[SourceTitle "Corr 2020"]
[Source "ChessBase"]
[SourceDate "2019.09.30"]
[SourceVersion "1"]
[SourceVersionDate "2019.09.30"]
[SourceQuality "1"]
[WhiteTeam "Australia"]
[BlackTeam "Australia"]
[WhiteTeamCountry "AUS"]
[BlackTeamCountry "AUS"]

1. d4 Nf6 2. c4 c5 3. d5 b5 4. cxb5 a6 5. bxa6 Bxa6 6. Nc3 g6 7. e4 Bxf1 8. Kxf1 Bg7 9. e5 Ng8 10. Nf3 d6 11. e6 fxe6 12. Ng5 Bxc3 13. Nxe6 Qa5 14. bxc3 Nd7 15. Bf4 Nf8 16. Nxf8 Kxf8 17. Qd3 c4 18. Qd4 Kf7 19. Bg5 Nf6 20. Re1 Qa7 21. Qf4 Rhf8 22. Bxf6 Kg8 23. Re2 Rxf6 24. Qxc4 Raf8 25. f3 Rf4 26. Qd3 R8f5 27. h3 Kf8 28. Rh2 Kf7 29. h4 Qc5 30. h5 g5 31. Re3 Qxd5 32. Qxd5+ Rxd5 33. g3 Rd1+ 34. Ke2 Ra1 35. Kd3 Ra4 1/2-1/2

[Event "IECC CL3-2015.01 email"]
[Site "IECC email"]
[Date "2015.03.22"]
[Round "?"]
[White "Boyce, Harry"]
[Black "Clayton, David Charles"]
[Result "1-0"]
[WhiteElo "1887"]
[BlackElo "1789"]
[PlyCount "53"]
[EventDate "2015.??.??"]
[EventType "tourn (corr)"]
[EventRounds "4"]
[SourceTitle "Corr 2020"]
[Source "ChessBase"]
[SourceDate "2019.09.30"]
[SourceVersion "1"]
[SourceVersionDate "2019.09.30"]
[SourceQuality "1"]
[WhiteTeam "Australia"]
[BlackTeam "England"]
[WhiteTeamCountry "AUS"]
[BlackTeamCountry "ENG"]

1. d4 Nf6 2. c4 g6 3. Nc3 Bg7 4. e4 d6 5. Be2 0-0 6. Nf3 e5 7. 0-0 Nc6 8. d5 Ne7 9. a3 c5 10. b4 b6 11. Rb1 Nd7 12. Qc2 f5 13. Ng5 Nf6 14. bxc5 bxc5 15. f3 h6 16. Ne6 Bxe6 17. dxe6 Qc8 18. Nd5 Nc6 19. exf5 Nd4 20. Ne7+ Kh7 21. fxg6+ Kh8 22. Nxc8 Nxc2 23. Nxd6 Nd4 24. Bd3 Nxe6 25. Nf7+ Kg8 26. Re1 Nd7 27. Rb7 1-0